000
00219nam a22000857a 4500
008
160705b xxu||||| |||| 00| 0 eng d
100
_9
2101
_a
Singh, Y.K
245
_a
Teaching of Zoology
260
_a
New Delhi
_b
A.P.H.
_c
2005
999
_c
1796
_d
1796